George Washington Carver (1864 - 1943) nhà thực vật kỳ tài

Na minha lista:
Detalhes bibliográficos
Autor principal: Chu, An
Formato: Livro
Idioma:Undetermined
Publicado em: Thành phố Hồ Chí Minh Tổng hợp thành phố Hồ Chí Minh 2008
Assuntos:
Tags: Adicionar Tag
Sem tags, seja o primeiro a adicionar uma tag!
Thư viện lưu trữ: Trung tâm Học liệu Trường Đại học Cần Thơ
LEADER 00742nam a2200205Ia 4500
001 CTU_185975
008 210402s9999 xx 000 0 und d
020 |c 22000 
082 |a 630.92 
082 |b A105 
100 |a Chu, An 
245 0 |a George Washington Carver (1864 - 1943) nhà thực vật kỳ tài 
245 0 |c Chu An, Thất Nguyên (biên soạn) 
260 |a Thành phố Hồ Chí Minh 
260 |b Tổng hợp thành phố Hồ Chí Minh 
260 |c 2008 
650 |a Carver, George Washington,Agriculturists,African Americans,Tiểu sử George Washington Carver 
650 |y 1864 - 1943 
910 |a Ngô Hồng Xuân 
980 |a Trung tâm Học liệu Trường Đại học Cần Thơ